000 01739cam a2200301 a 4500
005 20170525020001.0
008 080812s2001 uy abdo r 001 0 spa d
020 _a9974420865
040 _aEQF
_cEQF
_dAGL
_dUGX
_dDLC
_dWaU
_dDLC
_dCO-BoPUJ
_dCO-BoIAVH
041 1 _aspa
_heng
044 _auy
082 0 4 _a581.63
_bC85e
100 1 _aCunningham, Anthony B.
245 1 0 _aEtnobotánica aplicada
_bpueblos, uso de plantas silvestres y conservación
_cAnthony B. Cunningham ; traducción Ana Elena Guyer
260 _aMontevideo (Uruguay):
_bEditorial Nordan-Comunidad,
_c2001.
300 _axxiv, 310 p.
_bilustraciones, diagramas, gráficas, mapas y tablas
_c24 cm.
500 _aIncluye listas de figuras, tablas y cuadros.
504 _aIncluye referencias bibliográficas (Páginas 285-303) e índice.
505 0 _a1. Conservación y contexto: distintas épocas, distintas concepciones. 2. Inventarios locales, valores y cantidades de recursos recolectados. 3. Asentamiento, comercialización y cambio. 4. Medición de las plantas individuales y evaluación del impacto de la recolección. 5. Oportunidades de la colecta sustentable: las poblaciones de plantas. 6. Paisajes y ecosistemas: patrones, procesos y uso de las plantas. 7. Conservación: comportamiento, límites y creencias. 8. En busca de un balance: una mirada hacia afuera y hacia adentro.
534 _tApplied ethnobotany : people, wild plant use, and conservation.
650 1 4 _aEtnobotánica aplicada
650 2 4 _aPlantas silvestres comestibles
650 2 4 _aPlantas medicinales
650 2 4 _aPlantas útiles
650 2 4 _aEtnobotánica
700 1 _aGuyer, Ana Elena
_eTraductora
942 _2ddc
_cLIBRO
_02
999 _c2790
_d2790